|
|
|
|
| LEADER |
01076nam a2200325 a 4500 |
| 001 |
000472914 |
| 003 |
CZ BrMZK |
| 005 |
20230216090905.0 |
| 007 |
ta |
| 008 |
000115s2000 xr g f cze d |
| 015 |
|
|
|a cnb000960694
|
| 020 |
|
|
|a 80-241-0344-3
|
| 035 |
|
|
|a (OCoLC)44526256
|
| 040 |
|
|
|a BOA001
|b cze
|
| 072 |
|
7 |
|a 821.111-3
|x Anglická próza, anglicky psaná
|2 Konspekt
|9 25
|
| 080 |
|
|
|a 821.111(94)-31
|2 MRF
|
| 080 |
|
|
|a (0:82-312.5)
|2 MRF
|
| 100 |
1 |
|
|a Darcy, Emma
|7 ola2004231549
|4 aut
|
| 245 |
1 |
0 |
|a Svůdná chůva /
|c Emma Darcyová ; [překlad: Marta Hradecká].
|
| 260 |
|
|
|a Praha :
|b Harlequin,
|c c2000
|
| 300 |
|
|
|a 160 s. ;
|c 17 cm
|
| 490 |
1 |
|
|a Galerie Romance ;
|v 30 (U 3/00)
|
| 655 |
|
7 |
|a australské romány
|7 fd131842
|2 czenas
|
| 655 |
|
7 |
|a milostné romány
|7 fd132840
|2 czenas
|
| 700 |
1 |
|
|a Hradecká, Marta
|7 ola364108
|4 trl
|
| 765 |
0 |
|
|t Inherited: one nanny
|
| 830 |
|
0 |
|a Galerie Romance
|0 s
|
| 910 |
|
|
|a BOA001
|b 1-1073.857
|
| 990 |
|
|
|a BK
|
| 996 |
6 |
|
|b 2610116447
|c 1-1073.857
|l MZK
|r Sklad / do 1 hodiny
|n 7
|p p.v.
|w 000472914
|u 000010
|a 1
|e BOA001
|j MZK50
|s P
|